00333nam a2200121Ia 4500008004000000020001800040082001600058100002100074245003700095260003700132300000800169650003400177210210b1994 xxu||||| |||| 00| 0 eng d a81 7033 223 9 a331.13 PEEH aPEER (Mohammed). aHigher education and employment. aJaipurbRawat Publicationsc1994 a115 aEmployment & Higher Education